|
|
|
|
| LEADER |
00000cam a2200000 7i4500 |
| 001 |
0000014410 |
| 005 |
20080229.0 |
| 008 |
080229 |
| 020 |
|
|
|a 9831241142
|
| 090 |
0 |
0 |
|a 746.92083
|b MAR
|
| 100 |
0 |
|
|a Mariam Abu Bakar
|
| 245 |
1 |
0 |
|a Panduan menjahit pakaian wanita
|c Mariam Abu Bakar
|
| 260 |
|
|
|a Selangor :
|b Alaf 21 ,
|c 2005
|
| 440 |
|
|
|a Variasi
|
| 650 |
|
0 |
|a Clothing and dress
|x Handbooks, manual, etc
|
| 650 |
|
0 |
|a Dressmaking
|x Handbooks, manual, etc
|
| 650 |
|
0 |
|a Sewing
|x Handbooks, manual, etc
|
| 999 |
|
|
|a 0000854494
|b Book
|c Adult Collection
|e Cawangan Tmn. Ungku Tun Aminah
|
| 999 |
|
|
|a 0000909867
|b Book
|c Adult Collection
|e Cawangan Bandar Tenggara
|
| 999 |
|
|
|a 0001013091
|b Book
|c Adult Collection
|e Perbadanan Perpustakaan Awam Johor
|
| 999 |
|
|
|a 0001013092
|b Book
|c Adult Collection
|e Cawangan Mersing
|
| 999 |
|
|
|a 0001013093
|b Book
|c Adult Collection
|e Perbadanan Perpustakaan Awam Johor
|
| 999 |
|
|
|a 0001013094
|b Book
|c Adult Collection
|e Cawangan Mersing
|
| 999 |
|
|
|a 0001013095
|b Book
|c Adult Collection
|e Cawangan Mersing
|
| 999 |
|
|
|a 0001070926
|b Book
|c Adult Collection
|e Cawangan Kota Tinggi
|
| 999 |
|
|
|a 0001070927
|b Book
|c Adult Collection
|e Cawangan Tmn. Ungku Tun Aminah
|
| 999 |
|
|
|a 000108283
|b Book
|c Adult Collection
|e Cawangan Batu Pahat
|